Escritos y conferencias : hermenéutica /

Guardado en:
Detalles Bibliográficos
Autor principal: Ricoeur, Paul (autor)
Otros autores: Frey, Daniel (edición) (edición), Stricker, Nicola (edición) (edición)
Formato: Libro
Idioma:Español
Publicado: Madrid, España : Trotta, 2017, c2017
Colección:(Estructuras y Procesos. Filosofía)
Temas:
Etiquetas: Agrega una etiqueta
Sin etiquetas, Sé el primero en etiquetar este registro!

MARC

LEADER 00000nam^a2200000^a^4500
001 000399645
005 20250521000000.0
009 20260310121558.44
020 |a 978-84-9879-705-3 
037 |a Acervo Xavier Clavigero 
041 |a ESP 
082 |a 142. 7  |b RIC OBR ESC V. 2 
100 |a Ricoeur, Paul  |e (autor) 
240 1 1 |a [Escritos y conferencias] 
245 1 0 |a Escritos y conferencias :  |b hermenéutica /  |c P. Ricoeur ; ed. de D. Frey, N. Stricker ; presen. de D. Frey ; tr. por Agustín Neira. 
264 4 |a Madrid, España :  |b Trotta,  |c 2017, c2017 
300 |a 211 p. 
336 |a texto  |b txt  |2 rdacontenido 
337 |a sin mediación  |b n  |2 rdamedio 
338 |a volumen  |b nc  |2 rdasoporte 
440 1 |a (Estructuras y Procesos.  |p Filosofía) 
500 |a Traducción de: Ecrits et conférence 2. Herméneutique 
521 |a FIL 2017 EEnlace Departamento de Filosofía y Humanidades 
649 |a XX 
650 |a Metáfora 
650 |a Semántica 
650 |a Hermenéutica -  |x Tema Principal 
650 |a Fenomenología -  |x Tema Principal 
650 |a Filosofía del Siglo XX 
650 |a Filosofía Francesa 
700 |a Frey, Daniel  |e (edición) 
700 |a Stricker, Nicola  |e (edición) 
910 |a Fondo General 
920 |a Impresos - Libros 
930 |a Colección General 
905 |a 101 
901 |a 0500295088  |b IT1  |c ACC  |i c1672  |u 20250521 
902 |a https://opac.biblio.iteso.mx/vufind/Record/000399645